000 00406pab a2200157 454500
008 180718b1998 xxu||||| |||| 00| 0 eng d
100 _aDasgupta, Gurudas
245 _aRam Rajya: the dirty reality of BJP in power
260 _c1998
300 _ap.9-10
362 _a28 Nov
650 _aIndia - Politics and government
650 _aPolitics and government
773 _aMainstream
909 _a39548
999 _c39548
_d39548